The Hevea tree: A natural rubber factory (Record no. 45832)

MARC details
000 -LEADER
fixed length control field 00438nam a2200169Ia 4500
100 ## - MAIN ENTRY--AUTHOR NAME
Personal name Jacob Jean-Louis
245 #4 - TITLE STATEMENT
Title The Hevea tree: A natural rubber factory
260 ## - PUBLICATION, DISTRIBUTION, ETC. (IMPRINT)
Name of publisher La Reccherche
Year of publication 1995
300 ## - PHYSICAL DESCRIPTION
Number of Pages 538-545
520 ## - SUMMARY, ETC.
Summary, etc (Translated from French)
700 ## - ADDED ENTRY--PERSONAL NAME
Personal name D'Auzac JeanD
700 ## - ADDED ENTRY--PERSONAL NAME
Personal name Jean Prevot et
700 ## - ADDED ENTRY--PERSONAL NAME
Personal name Jean-Claude
700 ## - ADDED ENTRY--PERSONAL NAME
Personal name Serier Baptise
942 ## - ADDED ENTRY ELEMENTS (KOHA)
Koha item type Reprints
Holdings
Withdrawn status Lost status Damaged status Not for loan Home library Current library Date acquired Serial Enumeration / chronology Accession Number Koha item type
      Reprints RRII Library RRII Library 22/12/2021 Volume 26, Issue 276 P1388 Reprints